000 00474nam a2200169 i 4500
001 81911
003 ES-MaACL
005 20240215063035.0
007 t|
008 041108s1971 sp ||||1| spa d
100 0 _aAlfonso,
_d1910-1988
_919860
245 1 0 _aPinón y Telva
_b: 1971 /
_cAlfonso Iglesias López de Vivigo.
260 _aOviedo :
_b[s.n.,
_c1971]
300 _a141 p. ;
_c24 cm.
852 _aES-MaACL
_jC-45041
_bR.78815
999 _c81911
_d81911